000 00484nam a2200193Ia 4500
003 GCL
008 140319s9999 xx 000 0 aFre d
040 _aGCL /
_cGCL
082 0 4 _aCC
_b932
_bH L
100 1 _aHART, GEORGE
245 1 0 _aLA VIE AU TEMPS PASSE' L'EGYPTE /
_cHART, GEORGE
700 1 _aBIESTY, STEPHEN
260 _a[S.N] :
_bGRUND ،
_c1988
300 _a64 P
650 0 4 _aANCIENT EGYPT
650 0 4 _aEGYPTOLOGY
650 0 4 _aEGYPT - TEMPLES
942 _2ddc
_cBK
999 _c19229
_d19229